000 00808nam a22002297a 4500
003 OSt
005 20230201142240.0
008 221006b |||||||| |||| 00| 0 eng d
040 _cBiblioteca Lado V
082 _a595.7
_bS194o
100 _9714
_aSanchez, Daniela
_eautora
245 _aOrden Coxoplectoptera/
_bOrigen, Morfología y Distribución/
260 _aCosta Rica
_bEdiciones 1390
_c2017
300 _c13x17cm
_a61p.
490 _vvolumen II
650 0 _2Tesauro de Arte & Arquitectura
_aLITERATURA
_9702
650 _2Tesauro de Arte & Arquitectura
_aARTROPODOS
650 _2Tesauro de Arte & Arquitectura
_aINVESTIGACION
650 _2Tesauro de Arte & Arquitectura
_aMORFOLOGIA
700 _aMorales, Agusto
_eautor (Colaborador)
942 _2ddc
_c1
_h595.7
_iS194o
_n0
999 _c3016
_d3016